The son : (Record no. 2104)
[ view plain ]
| 000 -LEADER | |
|---|---|
| fixed length control field | 01079cam a2200301 a 4500 |
| 001 - CONTROL NUMBER | |
| control field | 4522321 |
| 003 - CONTROL NUMBER IDENTIFIER | |
| control field | GBCCL |
| 005 - DATE AND TIME OF LATEST TRANSACTION | |
| control field | 20241126110417.0 |
| 008 - FIXED-LENGTH DATA ELEMENTS--GENERAL INFORMATION | |
| fixed length control field | 990524s1999 cauab 000 1 eng |
| 010 ## - | |
| -- | 99031673 |
| 020 ## - INTERNATIONAL STANDARD BOOK NUMBER | |
| International Standard Book Number | 0830724281 (trade) |
| 035 ## - SYSTEM CONTROL NUMBER | |
| System control number | (DLC) 99031673 |
| 040 ## - CATALOGING SOURCE | |
| Original cataloging agency | DLC |
| Transcribing agency | DLC |
| Modifying agency | DLC |
| 050 00 - | |
| -- | PS3570.O9334 |
| -- | J47 1999 |
| 082 00 - DEWEY DECIMAL CLASSIFICATION NUMBER | |
| Classification number | 813.54 |
| Edition information | 21 |
| Item number | TOW |
| 100 1# - MAIN ENTRY--PERSONAL NAME | |
| Personal name | Towns, Elmer L. |
| 9 (RLIN) | 410 |
| 245 14 - TITLE STATEMENT | |
| Title | The son : |
| Remainder of title | a novel / |
| Statement of responsibility, etc. | E.L. Towns. |
| 260 ## - PUBLICATION, DISTRIBUTION, ETC. | |
| Place of publication, distribution, etc. | Ventura, Calif. : |
| Name of publisher, distributor, etc. | Regal, |
| Date of publication, distribution, etc. | c1999. |
| 300 ## - PHYSICAL DESCRIPTION | |
| Extent | 331 p. : |
| Other physical details | ill., 1 map ; |
| Dimensions | 23 cm. |
| 500 ## - GENERAL NOTE | |
| General note | "He was sent to save the world." |
| 600 00 - SUBJECT ADDED ENTRY--PERSONAL NAME | |
| Personal name | Jesus Christ |
| Form subdivision | Fiction. |
| 9 (RLIN) | 4319 |
| 630 00 - SUBJECT ADDED ENTRY--UNIFORM TITLE | |
| Uniform title | Bible. |
| Name of part/section of a work | New Testament |
| General subdivision | History of Biblical events |
| Form subdivision | Fiction. |
| 9 (RLIN) | 4320 |
| 650 #0 - SUBJECT ADDED ENTRY--TOPICAL TERM | |
| Topical term or geographic name entry element | Christian fiction, American. |
| 9 (RLIN) | 4321 |
| 906 ## - LOCAL DATA ELEMENT F, LDF (RLIN) | |
| a | 7 |
| b | cbc |
| c | orignew |
| d | 1 |
| e | ocip |
| f | 19 |
| g | y-gencatlg |
| 942 ## - ADDED ENTRY ELEMENTS (KOHA) | |
| Source of classification or shelving scheme | Dewey Decimal Classification |
| Koha item type | Books |
| Withdrawn status | Lost status | Source of classification or shelving scheme | Damaged status | Not for loan | Home library | Current Library | Shelving location | Date acquired | Total checkouts | Full call number | Barcode | Date last seen | Copy number | Price effective from | Koha item type |
|---|---|---|---|---|---|---|---|---|---|---|---|---|---|---|---|
| Dewey Decimal Classification | GRACE BIBLE COLLEGE | GRACE BIBLE COLLEGE | General Studies | 2017-07-05 | 813.54 TOW | 012156 | 2025-05-01 | c.1 | 2017-07-05 | Books | |||||
| Dewey Decimal Classification | GRACE BIBLE COLLEGE | GRACE BIBLE COLLEGE | General Studies | 2017-07-05 | 813.54 TOW | 012157 | 2025-05-01 | c.2 | 2017-07-05 | Books | |||||
| Dewey Decimal Classification | GRACE BIBLE COLLEGE | GRACE BIBLE COLLEGE | General Studies | 2017-07-05 | 813.54 TOW | 012158 | 2025-05-01 | c.3 | 2017-07-05 | Books | |||||
| Dewey Decimal Classification | GRACE BIBLE COLLEGE | GRACE BIBLE COLLEGE | General Studies | 2017-07-05 | 813.54 TOW | 012159 | 2025-05-01 | c.4 | 2017-07-05 | Books | |||||
| Dewey Decimal Classification | GRACE BIBLE COLLEGE | GRACE BIBLE COLLEGE | General Studies | 2017-07-05 | 813.54 TOW | 012160 | 2025-05-01 | c.5 | 2017-07-05 | Books | |||||
| Dewey Decimal Classification | GRACE BIBLE COLLEGE | GRACE BIBLE COLLEGE | General Studies | 2017-07-05 | 813.54 TOW | 012161 | 2025-05-01 | c.6 | 2017-07-05 | Books | |||||
| Dewey Decimal Classification | GRACE BIBLE COLLEGE | GRACE BIBLE COLLEGE | General Studies | 2017-07-05 | 813.54 TOW | 012162 | 2025-05-01 | c.7 | 2017-07-05 | Books | |||||
| Dewey Decimal Classification | GRACE BIBLE COLLEGE | GRACE BIBLE COLLEGE | General Studies | 2017-07-05 | 813.54 TOW | 012163 | 2025-05-01 | c.8 | 2017-07-05 | Books | |||||
| Dewey Decimal Classification | GRACE BIBLE COLLEGE | GRACE BIBLE COLLEGE | General Studies | 2017-07-05 | 813.54 TOW | 012164 | 2025-05-01 | c.9 | 2017-07-05 | Books |